Statistics for Things That are Brown

Click here to take the quiz!

General Stats

  • This quiz has been taken 43,279 times
    (15,055 since last reset)
  • The average score is 11 of 20

Answer Stats

ClueAnswer% Correct
Snoopy's ownerCharlie Brown
92%
To pack one's own lunchBrown Bag
77%
Words following "how now"Brown Cow
73%
To suck upBrownnose
72%
Power failure of a lesser sortBrownout
71%
"The Godfather of Soul"James Brown
68%
Author of "The Da Vinci Code"Dan Brown
65%
Time machine inventor from
"Back to the Future"
Doc Brown
59%
Popular American breakfast foodHash Browns
58%
Van Morrison songBrown Eyed Girl
56%
Type of New York townhouseBrownstone
52%
Rolling Stones song:
"How come you taste so good"
Brown Sugar
52%
Salmon relative that can live in
the sea or in freshwater
Brown Trout
47%
British P.M. who followed Tony BlairGordon Brown
47%
Member of a Nazi paramilitary groupBrownshirt
46%
Jim Croce sang about this man who
was "badder than old King Kong"
Leroy Brown
44%
Radical abolitionist who raided
Harper's Ferry
John Brown
37%
Quentin Tarantino filmJackie Brown
35%
Nickname of Joe LouisBrown Bomber
28%
The seemingly random movement of
microscopic particles in a fluid
Brownian Motion
17%

Score Distribution

Percentile by Number Answered

Percent of People with Each Score

Your Score History

You have not taken this quiz since the last reset